[Event "Tournoi Skype 016B"]
[Site "Skype"]
[Date "????.??.??"]
[Round "1.4"]
[White "Ramirez Reina, Orlando"]
[Black "Martin, Jean-Claude"]
[Result "0-1"]
[WhiteElo "1493"]
[BlackElo "1307"]
[PlyCount "80"]

1. e4 e5 2. Nf3 Nc6 3. Bc4 Bc5 4. c3 d6 5. d4 exd4 6. cxd4 Bb4+ 7. Nc3 Bxc3+ 8.
bxc3 Nf6 9. Bg5 h6 10. Bxf6 Qxf6 11. O-O O-O 12. Re1 Bg4 13. Re3 Na5 14. Bd3 c5
15. e5 dxe5 16. dxe5 Qe6 17. Qc2 Nc4 18. Bxc4 Qxc4 19. Re4 Qe6 20. Qb3 Qxb3 21.
axb3 Bxf3 22. gxf3 Rfd8 23. Rae1 Rd3 24. R1e3 Rxe3 25. Rxe3 Rd8 26. Kg2 a5 27.
f4 b5 28. f5 c4 29. b4 axb4 30. cxb4 Rd3 31. Kf3 Rb3 32. Rxb3 cxb3 33. Ke3 b2
34. e6 fxe6 35. fxe6 b1=Q 36. e7 Qg6 37. Kd4 Qd6+ 38. Kc3 Qxe7 39. Kd4 Qxb4+
40. Kd5 Qc4+ 0-1

[Event "Tournoi Skype 016B"]
[Site "Skype"]
[Date "????.??.??"]
[Round "1.5"]
[White "Cengiz, Cem"]
[Black "Hernandez, George"]
[Result "0-1"]
[WhiteElo "1306"]
[BlackElo "1484"]
[PlyCount "48"]

1. e4 e5 2. Nf3 Nc6 3. d4 Nf6 4. Nc3 Bb4 5. Qd3 d6 6. Bd2 Be6 7. Qe3 Ng4 8. Qe2
exd4 9. Nb5 Bc5 10. Qd3 O-O 11. Nbxd4 Nxd4 12. Nxd4 Qf6 13. f3 Bxd4 14. O-O-O
Bxb2+ 15. Kb1 Nf2 16. Qe2 Nxd1 17. Qxd1 Ba1 18. c3 Bxc3 19. Qc2 Bxd2 20. Qxd2
Qe5 21. Qc2 b5 22. Qxc7 Rfc8 23. Qb7 Bxa2+ 24. Kxa2 Rc2+ 0-1

[Event "Tournoi Skype 016B"]
[Site "Skype"]
[Date "????.??.??"]
[Round "1.6"]
[White "Briere, Jean"]
[Black "Lecluyse, Koenraad"]
[Result "1-0"]
[WhiteElo "1460"]
[BlackElo "1299"]
[PlyCount "95"]

1. e4 e5 2. Nf3 Nc6 3. Bc4 Nf6 4. d3 Bc5 5. Nc3 d6 6. h3 h6 7. O-O Be6 8. Nd5
O-O 9. Be3 Nd4 10. Nxd4 Bxd4 11. Bxd4 exd4 12. Bb3 c6 13. Nxf6+ Qxf6 14. Re1
Rac8 15. Qd2 Qe5 16. f4 Qh5 17. Qe2 Qh4 18. Qf2 Qf6 19. f5 Bd7 20. Rf1 c5 21.
Bd5 b5 22. a3 c4 23. Rad1 a5 24. dxc4 bxc4 25. Rxd4 Bb5 26. c3 Kh8 27. Qf4 g5
28. fxg6 Qxf4 29. Rxf4 fxg6 30. Rxf8+ Rxf8 31. Rd2 Rf4 32. Rf2 Rxf2 33. Kxf2
Kg7 34. Kf3 g5 35. Kg4 Kg6 36. h4 Bd7+ 37. Kg3 h5 38. Bxc4 Bc6 39. Bd5 Bxd5 40.
exd5 Kf5 41. c4 gxh4+ 42. Kxh4 Kf4 43. Kxh5 Kg3 44. Kg5 Kxg2 45. Kf6 Kf3 46.
Ke6 Ke4 47. Kxd6 Kd4 48. c5 1-0

[Event "Tournoi Skype 016B"]
[Site "Skype"]
[Date "????.??.??"]
[Round "1.7"]
[White "Tamditi, Ibrahim"]
[Black "Le Brun, Yves"]
[Result "0-1"]
[WhiteElo "1296"]
[BlackElo "1449"]
[PlyCount "78"]

1. e4 Nf6 2. e5 Nd5 3. Bc4 Nb6 4. d3 e6 5. Nf3 Bb4+ 6. c3 Be7 7. O-O d6 8. Nbd2
d5 9. Bb3 Bd7 10. a4 a5 11. c4 c6 12. d4 dxc4 13. Bxc4 Nxc4 14. Nxc4 O-O 15.
Qb3 Bb4 16. Bd2 Na6 17. Bxb4 Nxb4 18. Nd6 b6 19. Rfc1 Ra7 20. Nd2 Qc7 21. N2e4
Be8 22. Qg3 Qe7 23. Nc8 Qb7 24. Nxa7 Qxa7 25. Nf6+ Kh8 26. Nxe8 Rxe8 27. Qf3
Rd8 28. Rc4 Rd5 29. Qe4 Qd7 30. Ra3 c5 31. Rh3 h6 32. Rhc3 Rxd4 33. Rxd4 cxd4
34. Qa8+ Kh7 35. Rc8 Nd5 36. b3 d3 37. Rh8+ Kg6 38. Qa6 Nc3 39. Qxb6 d2 0-1

[Event "Tournoi Skype 016B"]
[Site "Skype"]
[Date "????.??.??"]
[Round "1.8"]
[White "Talbot, Jacques"]
[Black "Vervoort, Jean-Louis"]
[Result "1-0"]
[WhiteElo "1444"]
[BlackElo "1293"]
[PlyCount "51"]

1. e4 e5 2. Nf3 Nc6 3. Bb5 d6 4. d4 Bd7 5. O-O Nf6 6. dxe5 Nxe4 7. Re1 Bf5 8.
exd6 cxd6 9. Bc4 Be7 10. Qd5 Be6 11. Qxe4 d5 12. Bxd5 Bxd5 13. Qe2 O-O 14. Nc3
Re8 15. Bf4 Bc5 16. Qd3 Bxf3 17. Qxf3 Nd4 18. Qg3 Nxc2 19. Bh6 g6 20. Rad1
Rxe1+ 21. Rxe1 Nxe1 22. Qe5 f6 23. Qe6+ Kh8 24. Qf7 Qg8 25. Qxf6+ Qg7 26. Qxg7#
1-0

[Event "Tournoi Skype 016B"]
[Site "Skype"]
[Date "????.??.??"]
[Round "1.9"]
[White "Blaevoet, Rebecca"]
[Black "Porcabeuf, Jean-Marc"]
[Result "0-1"]
[WhiteElo "1273"]
[BlackElo "1438"]
[PlyCount "48"]

1. e4 e6 2. Be2 d5 3. d3 c5 4. Nf3 Nd7 5. Be3 d4 6. Bd2 e5 7. O-O Ngf6 8. c3
Be7 9. cxd4 exd4 10. b3 Qc7 11. Qc2 h6 12. Rc1 b6 13. b4 Ne5 14. Qa4+ Bd7 15.
b5 O-O 16. Nxe5 Qxe5 17. Na3 Bd6 18. f4 Qe6 19. f5 Qe5 20. Nc4 Qxh2+ 21. Kf2
Bg3+ 22. Kf3 Qh4 23. Ne5 Bxe5 24. g3 Qxg3# 0-1

[Event "Tournoi Skype 016B"]
[Site "Skype"]
[Date "????.??.??"]
[Round "1.10"]
[White "Hague, Mark"]
[Black "Khatanhar, Mohit"]
[Result "1-0"]
[WhiteElo "1419"]
[BlackElo "1265"]
[PlyCount "79"]

1. d4 d5 2. e3 e6 3. Nd2 Nf6 4. Bd3 Bd6 5. f4 Bd7 6. Ngf3 h6 7. c3 Nc6 8. O-O
O-O 9. Ne5 Qe7 10. b3 a6 11. Bb2 Nh7 12. Qc2 f5 13. Ng6 Qf6 14. Nxf8 Rxf8 15.
Nf3 Qe7 16. Ne5 Be8 17. Rf3 Qh4 18. Rh3 Qf6 19. Rf1 Ne7 20. Rff3 Ng6 21. Nxg6
Bxg6 22. Qf2 Qe7 23. Rfg3 Bf7 24. Rxh6 Nf6 25. Rg5 Be8 26. Qg3 Rf7 27. Qh4 Rf8
28. Rh8+ Kf7 29. Rxf8+ Qxf8 30. Qg3 Ke7 31. Rxg7+ Kd8 32. Qg5 Be7 33. Qh6 Ng8
34. Qh8 Bf7 35. Qh7 Ke8 36. h3 Nf6 37. Qh6 Ng8 38. Rxg8 Qxg8 39. c4 Qg6 40.
Qxg6 1-0

[Event "Tournoi Skype 016B"]
[Site "Skype"]
[Date "????.??.??"]
[Round "1.11"]
[White "Picard, Mario"]
[Black "Lowery, Mike"]
[Result "1-0"]
[WhiteElo "1254"]
[BlackElo "1406"]
[PlyCount "31"]

1. d4 d5 2. c4 e6 3. Nf3 Nf6 4. Nc3 Bb4 5. Bd2 O-O 6. a3 Bxc3 7. Bxc3 h6 8. e3
c6 9. Bd3 Qc7 10. Ne5 Nbd7 11. Ng4 Re8 12. O-O Rb8 13. Re1 e5 14. dxe5 Nxe5 15.
Nxe5 Rxe5 16. Bxe5 1-0

[Event "Tournoi Skype 016B"]
[Site "Skype"]
[Date "????.??.??"]
[Round "1.12"]
[White "Perrone, Gabriel Lorenzo"]
[Black "Sepulveda, Lyda Marcela"]
[Result "0-1"]
[WhiteElo "1404"]
[BlackElo "1246"]
[PlyCount "40"]

1. f4 d5 2. Nf3 Nf6 3. e3 Bg4 4. b3 g6 5. Bb2 Bg7 6. Be2 Nbd7 7. O-O O-O 8. d3
c6 9. Nbd2 Ne8 10. Bxg7 Nxg7 11. Qe1 Qb6 12. d4 c5 13. Qh4 Nf6 14. Rf2 Nf5 15.
Qxf6 exf6 16. h3 Bxf3 17. Rxf3 cxd4 18. e4 d3+ 19. Kf1 dxe2+ 20. Kxe2 Nd4+ 0-1

[Event "Tournoi Skype 016B"]
[Site "Skype"]
[Date "????.??.??"]
[Round "1.13"]
[White "Paquay, Renaud"]
[Black "Vincent, Andre"]
[Result "1/2-1/2"]
[WhiteElo "1241"]
[BlackElo "1404"]
[PlyCount "83"]

1. c4 d5 2. cxd5 Qxd5 3. Nc3 Qd8 4. d4 c6 5. e4 Nf6 6. e5 Nd5 7. Nf3 Be6 8. Bd2
g6 9. Qb3 b6 10. Be2 Nf4 11. Qd1 Nxg2+ 12. Kf1 Bh3 13. Kg1 Qd7 14. Bf1 Qg4 15.
Ng5 Nh4+ 16. Qxg4 Bxg4 17. Be2 Bxe2 18. Nxe2 h6 19. Ne4 Nd7 20. Rc1 Bg7 21.
Rxc6 O-O 22. f4 Rac8 23. d5 Rxc6 24. dxc6 Nc5 25. Nxc5 bxc5 26. Kf2 Rc8 27. Rd1
Rxc6 28. Be3 Bf8 29. Nc3 Nf5 30. Kf3 Nxe3 31. Kxe3 e6 32. Ne4 c4 33. Nf6+ Kg7
34. Rd8 c3 35. bxc3 Rxc3+ 36. Kd2 Ra3 37. Kc2 Rxa2+ 38. Kb3 Rxh2 39. Kc4 a5 40.
Kb5 Ra2 41. Nd7 Be7 42. Ra8 1/2-1/2

[Event "Tournoi Skype 016B"]
[Site "Skype"]
[Date "????.??.??"]
[Round "1.16"]
[White "Bouffard, Georges"]
[Black "Amato, Ludovica"]
[Result "0-1"]
[WhiteElo "1399"]
[BlackElo "1188"]
[PlyCount "52"]

1. e4 e5 2. Nf3 Nc6 3. c3 Nf6 4. d3 d5 5. Nbd2 d4 6. Qa4 dxc3 7. bxc3 Bc5 8.
Nxe5 Bd7 9. Qb3 Nxe5 10. d4 Be6 11. Qb5+ Ned7 12. dxc5 O-O 13. Bc4 Bg4 14. f3
Bh5 15. h3 Bg6 16. Ba3 Re8 17. Qb1 Ne5 18. Bb5 Re6 19. O-O Qxd2 20. Qb2 Qe3+
21. Rf2 Rd8 22. Be2 Rd2 23. Qb5 Nd3 24. Raf1 Rxe2 25. Qb1 Nxf2 26. Qe1 Rxe1 0-1

[Event "Tournoi Skype 016B"]
[Site "Skype"]
[Date "????.??.??"]
[Round "1.17"]
[White "Lemoine, Gerard"]
[Black "Ceciliano, Isaac"]
[Result "1-0"]
[WhiteElo "1178"]
[BlackElo "1399"]
[PlyCount "93"]

1. d4 Nf6 2. c4 d5 3. Nc3 c6 4. cxd5 cxd5 5. Nf3 Nbd7 6. Bg5 e6 7. e3 Bd6 8.
Bd3 h6 9. Bh4 O-O 10. Bxf6 Nxf6 11. O-O Qc7 12. Qc2 a5 13. Nb5 Qxc2 14. Bxc2
Rd8 15. Nxd6 Rxd6 16. Bd3 b6 17. Rfc1 Nd7 18. Bb5 Ba6 19. Rc6 Rxc6 20. Bxc6 Ra7
21. Bxd7 Rxd7 22. Rc1 f6 23. Rc6 Bc4 24. Rxb6 Rc7 25. h3 Bxa2 26. Rxe6 a4 27.
Rb6 Rc1+ 28. Kh2 Bb3 29. Nd2 Rc2 30. Nxb3 Rxb2 31. Ra6 axb3 32. Ra8+ Kh7 33.
Rb8 Kg6 34. Rb5 Kf5 35. f3 Ke6 36. Kg3 Kd6 37. Kf4 Kc6 38. Rb4 Rxg2 39. Rxb3
g5+ 40. Kf5 Rg3 41. Kxf6 Rxf3+ 42. Kg6 Rxh3 43. Rc3+ Kd6 44. Kf5 Rg3 45. Kg6 g4
46. Kh5 Rg2 47. Kh4 1-0

[Event "Tournoi Skype 016B"]
[Site "Skype"]
[Date "????.??.??"]
[Round "1.18"]
[White "De Nobrega, George"]
[Black "Douichi, Mohammed"]
[Result "1-0"]
[WhiteElo "1399"]
[BlackElo "1176"]
[PlyCount "53"]

1. e4 e5 2. Nf3 Nc6 3. Bb5 Nd4 4. Nxd4 exd4 5. d3 Nf6 6. Bg5 Be7 7. Nd2 a6 8.
Bc4 d5 9. exd5 Nxd5 10. Bxe7 Nxe7 11. O-O O-O 12. h3 Be6 13. Bxe6 fxe6 14. Re1
Qd6 15. Nf3 Nd5 16. Nxd4 Rae8 17. Qg4 e5 18. Nf5 Qd7 19. Re2 Rxf5 20. d4 Nf4
21. Rxe5 Rexe5 22. dxe5 Qe6 23. Re1 Nd5 24. Qd4 Rg5 25. c4 Qg6 26. Qxd5+ Kh8
27. Qd8+ 1-0

[Event "Tournoi Skype 016B"]
[Site "Skype"]
[Date "????.??.??"]
[Round "1.19"]
[White "Alverson, Ginny"]
[Black "Morin, Claude"]
[Result "1-0"]
[WhiteElo "1170"]
[BlackElo "1399"]
[PlyCount "117"]

1. Nf3 h6 2. d4 e6 3. Ne5 Qe7 4. Bf4 d6 5. Ng4 Nc6 6. c3 b6 7. Nd2 f5 8. e4
fxg4 9. Qxg4 Nf6 10. Qg6+ Kd8 11. e5 dxe5 12. dxe5 Nd5 13. Bg3 a5 14. Bc4 Qc5
15. O-O Ne3 16. Rfe1 Nxc4 17. Ne4 Qd5 18. Rad1 Bd7 19. Rxd5 exd5 20. Bh4+ Kc8
21. e6 dxe4 22. exd7+ Kxd7 23. Rxe4 Bc5 24. Qf7+ Kc8 25. Rxc4 Kb7 26. Re4 Rad8
27. Bxd8 Rxd8 28. h4 Rd1+ 29. Kh2 Ra1 30. Re6 Nd8 31. Re8 Nxf7 32. Re6 Rf1 33.
Kg3 Nd8 34. Re8 Bxf2+ 35. Kf3 Bxh4+ 36. Ke2 Rg1 37. g4 Rg2+ 38. Kf3 Rg1 39. Re2
Rg3+ 40. Kf4 Ne6+ 41. Rxe6 h5 42. gxh5 g5+ 43. hxg6 a4 44. b4 Rxc3 45. g7 Rh3
46. g8=Q Bg3+ 47. Kg4 Rh4+ 48. Kxg3 Rh1 49. Kg2 Rh4 50. Qg3 Rxb4 51. Qf3+ Ka6
52. Qa8+ Kb5 53. Qc6+ Ka6 54. Qxc7 Rb2+ 55. Kf3 Rb4 56. a3 Rb3+ 57. Ke4 Rb5 58.
Qc8+ Ka7 59. Re7# 1-0

[Event "Tournoi Skype 016B"]
[Site "Skype"]
[Date "????.??.??"]
[Round "1.21"]
[White "Melin, Christiane"]
[Black "Sahrane, Juba"]
[Result "1-0"]
[WhiteElo "1144"]
[BlackElo "1399"]
[PlyCount "25"]

1. e4 e6 2. d4 d5 3. exd5 exd5 4. Bd3 Nc6 5. c3 Be6 6. Nf3 Nf6 7. O-O Bd6 8.
Ng5 h6 9. Nxe6 fxe6 10. Bg6+ Kd7 11. Re1 a6 12. Qe2 b5 13. Qxe6# 1-0

[Event "Tournoi Skype 016B"]
[Site "Skype"]
[Date "????.??.??"]
[Round "1.23"]
[White "Kruk, Clementine"]
[Black "Rivas, Jonathan"]
[Result "0-1"]
[WhiteElo "1107"]
[BlackElo "1379"]
[PlyCount "80"]

1. e4 e5 2. Nf3 Nc6 3. Bc4 Qe7 4. Nc3 Nf6 5. d3 h6 6. Be3 d6 7. h3 Be6 8. Nd5
Qd8 9. Qd2 a6 10. Nxf6+ Qxf6 11. a4 Bxc4 12. dxc4 Be7 13. O-O O-O 14. b4 Qe6
15. c5 dxc5 16. Bxc5 Bxc5 17. bxc5 Rad8 18. Qe2 Nd4 19. Nxd4 Rxd4 20. Rfd1 Rfd8
21. c3 Rxd1+ 22. Rxd1 Rxd1+ 23. Qxd1 Kh7 24. Qg4 Qc4 25. Qd7 Qxc5 26. Qxc7 Qxc7
27. g3 Qxc3 28. Kg2 b5 29. axb5 axb5 30. g4 b4 31. f3 b3 32. Kg3 b2 33. h4 b1=Q
34. g5 Qce1+ 35. Kg4 Qg1+ 36. Kf5 g6+ 37. Kxe5 Qb5+ 38. Kf6 Qgb6+ 39. Kxf7 Qd7+
40. Kf8 Qb8# 0-1

[Event "Tournoi Skype 016B"]
[Site "Skype"]
[Date "????.??.??"]
[Round "1.24"]
[White "Sauvaget, Joel"]
[Black "Farthouat, Catherine"]
[Result "1-0"]
[WhiteElo "1377"]
[BlackElo "1071"]
[PlyCount "27"]

1. d4 Nf6 2. Nf3 g6 3. Nc3 Bg7 4. e3 d6 5. Bd3 O-O 6. h3 e5 7. O-O Nc6 8. dxe5
dxe5 9. Bc4 Ne7 10. Nxe5 a6 11. Bxf7+ Kh8 12. Bc4 b5 13. Nf7+ Kg8 14. Nxd8+ 1-0

[Event "Tournoi Skype 016B"]
[Site "Skype"]
[Date "????.??.??"]
[Round "1.25"]
[White "Talbot, Jean"]
[Black "Dubois, Real"]
[Result "0-1"]
[WhiteElo "1041"]
[BlackElo "1376"]
[PlyCount "78"]

1. e4 e6 2. d4 d5 3. exd5 exd5 4. Nf3 Nf6 5. Bg5 h6 6. Bxf6 Qxf6 7. Be2 Bd6 8.
O-O O-O 9. Nc3 c6 10. a3 Be6 11. b4 Nd7 12. Rb1 b5 13. h3 a5 14. Re1 axb4 15.
axb4 Ra3 16. Rb3 Bxb4 17. Rxb4 Rxc3 18. Qd2 Ra3 19. c3 Rfa8 20. Rb2 Qd8 21. Bd3
Nf6 22. Ne5 Bd7 23. f4 Be8 24. g4 g6 25. g5 hxg5 26. fxg5 Nh5 27. Kg2 Qa5 28.
Kf3 Rxc3 29. Kg4 Ra3 30. Qf2 Qc7 31. Re3 Qb6 32. Rb4 R8a7 33. h4 Bd7+ 34. Kf3
Ra2 35. Qf1 c5 36. dxc5 Qxc5 37. Bxb5 Qxb4 38. Bxd7 Qxh4 39. Qg2 Rxg2 0-1

[Event "Tournoi Skype 016B"]
[Site "Skype"]
[Date "????.??.??"]
[Round "1.26"]
[White "Raheja, Shiv"]
[Black "Rival, Jocelyn"]
[Result "1-0"]
[WhiteElo "1373"]
[BlackElo "1040"]
[PlyCount "61"]

1. Nf3 Nc6 2. e4 e5 3. Bc4 Nf6 4. Nc3 Bb4 5. d3 d6 6. a3 Bxc3+ 7. bxc3 Bg4 8.
O-O Na5 9. Bb5+ c6 10. Ba4 b5 11. Bb3 Nxb3 12. cxb3 d5 13. h3 Be6 14. Nxe5 O-O
15. Nxc6 Qc7 16. Nd4 Bd7 17. Re1 Qxc3 18. Be3 Rac8 19. Nf5 b4 20. Ne7+ Kh8 21.
Nxc8 Rxc8 22. axb4 Qxb4 23. e5 Ne8 24. Rxa7 Nc7 25. Ra1 d4 26. Bd2 Qc5 27. Qf3
Kg8 28. Qg3 Qc2 29. Bh6 Kf8 30. Qxg7+ Ke7 31. Qf6+ 1-0

[Event "Tournoi Skype 016B"]
[Site "Skype"]
[Date "????.??.??"]
[Round "1.27"]
[White "Moumtaz, Abderrahim"]
[Black "Gerbaux, Regis"]
[Result "0-1"]
[WhiteElo "1018"]
[BlackElo "1363"]
[PlyCount "24"]

1. e4 c5 2. d4 cxd4 3. Qxd4 Nc6 4. Bb5 Nxd4 5. Be3 Nxc2+ 6. Kd1 Nxa1 7. Nc3 Qc7
8. Nf3 Nf6 9. Bd4 Nxe4 10. Nxe4 Qc2+ 11. Ke1 Qxe4+ 12. Be3 Qb1+ 0-1

[Event "Tournoi Skype 016B"]
[Site "Skype"]
[Date "????.??.??"]
[Round "1.28"]
[White "Hargez, Dany"]
[Black "Gagnon, Sindy"]
[Result "1-0"]
[WhiteElo "1361"]
[BlackElo "1000"]
[PlyCount "35"]

1. e4 Nf6 2. e5 Ne4 3. d4 e6 4. Bd3 Bb4+ 5. c3 Be7 6. Bxe4 d5 7. Bd3 O-O 8. Qc2
h6 9. Nh3 c6 10. O-O Nd7 11. Bf4 Re8 12. Nd2 b5 13. Rfe1 a5 14. Re3 b4 15. Rg3
Rb8 16. Bxh6 b3 17. Bh7+ Kf8 18. Bxg7# 1-0

[Event "Tournoi Skype 016B"]
[Site "Skype"]
[Date "????.??.??"]
[Round "1.29"]
[White "Letourneau, Judith"]
[Black "Milanese, Serge"]
[Result "0-1"]
[WhiteElo "1000"]
[BlackElo "1342"]
[PlyCount "66"]

1. e4 e5 2. d4 exd4 3. Nf3 Bc5 4. c3 dxc3 5. Nxc3 d6 6. Bb5+ c6 7. Bc4 Nf6 8.
O-O O-O 9. Re1 Be6 10. b3 Ng4 11. h3 Bxf2+ 12. Kf1 Bxe1 13. Qxe1 Ne5 14. Bf4
Nxf3 15. gxf3 Bxh3+ 16. Kf2 Qf6 17. e5 Qxf4 18. Qe2 Qh2+ 19. Ke3 Qxe5+ 20. Kd3
Bf5+ 21. Kd2 Qf6 22. Kd1 Nd7 23. Ne4 Qxa1+ 24. Kd2 Nf6 25. Ng5 Qd4+ 26. Ke1
Qh4+ 27. Kf1 Qxg5 28. Qh2 Qc1+ 29. Ke2 Rae8+ 30. Kf2 Qe1+ 31. Kg2 d5 32. a4
dxc4 33. bxc4 Re2# 0-1

[Event "Tournoi Skype 016B"]
[Site "Skype"]
[Date "????.??.??"]
[Round "1.30"]
[White "Ruiz Gomez, Luz Alba"]
[Black "Marty, Yvette"]
[Result "1-0"]
[WhiteElo "1339"]
[BlackElo "1000"]
[PlyCount "83"]

1. d4 d6 2. c4 e5 3. d5 Nf6 4. Nc3 e4 5. e3 Bf5 6. Nge2 c6 7. Nd4 Bg4 8. Be2
Bxe2 9. Qxe2 cxd5 10. cxd5 Be7 11. O-O O-O 12. b3 b6 13. Qc2 Na6 14. Nxe4 Nxd5
15. Qc4 Nc5 16. Qxd5 Rc8 17. Nc6 Qd7 18. Nxe7+ Qxe7 19. Nxc5 bxc5 20. Bb2 Rfe8
21. Qf3 Rf8 22. Qg3 g6 23. Qh3 h5 24. Qf3 Kh7 25. Rad1 Rcd8 26. Bf6 Qe6 27.
Bxd8 Rxd8 28. Rc1 a5 29. Rfd1 Qe7 30. Rd5 a4 31. bxa4 Qc7 32. Rc4 Rb8 33. Rd1
Rd8 34. Rf4 Rf8 35. Rd5 Qb6 36. Rxh5+ Kg7 37. Rxf7+ Rxf7 38. Rh7+ Kxh7 39.
Qxf7+ Kh6 40. Qb3 Qb4 41. Qxb4 cxb4 42. a5 1-0

[Event "Tournoi Skype 016B"]
[Site "Skype"]
[Date "????.??.??"]
[Round "2.1"]
[White "Hernandez, George"]
[Black "Hargez, Dany"]
[Result "0-1"]
[WhiteElo "1484"]
[BlackElo "1361"]
[PlyCount "66"]

1. e4 e5 2. Nf3 Nf6 3. Bc4 c6 4. d4 d5 5. Bb3 Nxe4 6. dxe5 Bb4+ 7. c3 Ba5 8.
O-O Bg4 9. h3 Bh5 10. Nbd2 Nd7 11. Nxe4 dxe4 12. g4 Bxg4 13. hxg4 exf3 14. Bf4
O-O 15. e6 Nf6 16. Qxd8 Raxd8 17. e7 Nxg4 18. Rad1 Rxd1 19. Rxd1 Re8 20. Rd7
Bb6 21. Bc7 Bxf2+ 22. Kf1 Bh4 23. Rd8 Rxd8 24. Bxd8 Bxe7 25. Bxe7 h5 26. Bd1
Ne3+ 27. Ke1 Nxd1 28. Kxd1 f6 29. Ke1 h4 30. Kf2 h3 31. Kxf3 g5 32. Bxf6 g4+
33. Kxg4 h2 0-1

[Event "Tournoi Skype 016B"]
[Site "Skype"]
[Date "????.??.??"]
[Round "2.2"]
[White "Milanese, Serge"]
[Black "Briere, Jean"]
[Result "0-1"]
[WhiteElo "1342"]
[BlackElo "1460"]
[PlyCount "64"]

1. e4 e5 2. Nf3 Nc6 3. Bc4 Bc5 4. d3 Nf6 5. Nc3 d6 6. h3 O-O 7. O-O a6 8. Be3
Nd4 9. Nxd4 exd4 10. Bd2 dxc3 11. Bxc3 Be6 12. Bxe6 fxe6 13. Bd2 d5 14. e5 Nd7
15. d4 Bxd4 16. Bg5 Qxg5 17. Qxd4 Nxe5 18. Kh1 Rf4 19. Qe3 Qf6 20. Rad1 Nc4 21.
Qe2 Re4 22. Qf3 Qxf3 23. gxf3 Rf4 24. Kg2 Raf8 25. Rfe1 R8f6 26. b3 Nd6 27. Re3
Nf5 28. Rxe6 Rxe6 29. Rxd5 Rd6 30. Re5 Kf7 31. Re4 Rg6+ 32. Kf1 Rxf3 0-1

[Event "Tournoi Skype 016B"]
[Site "Skype"]
[Date "????.??.??"]
[Round "2.3"]
[White "Le Brun, Yves"]
[Black "Ruiz Gomez, Luz Alba"]
[Result "1-0"]
[WhiteElo "1449"]
[BlackElo "1339"]
[PlyCount "69"]

1. d4 d5 2. c4 e6 3. Nc3 Nf6 4. Bg5 Nbd7 5. e3 c6 6. a3 Bd6 7. Nf3 O-O 8. Bd3
h6 9. Bh4 Qc7 10. Bg3 dxc4 11. Bxc4 b6 12. Bxd6 Qxd6 13. Qc2 Bb7 14. Be2 a6 15.
Rd1 Qe7 16. h3 Rac8 17. O-O c5 18. Qd3 c4 19. Qc2 b5 20. Nd2 Nd5 21. Nxd5 Bxd5
22. Qc3 Qg5 23. e4 Bb7 24. f4 Qg6 25. Bf3 Nf6 26. Rde1 Rfd8 27. f5 exf5 28.
exf5 Qxf5 29. Bxb7 Nd5 30. Rxf5 Nxc3 31. Bxc8 Nd5 32. Bxa6 Nc7 33. Bb7 Rxd4 34.
Nf3 Rd8 35. Bc6 1-0

[Event "Tournoi Skype 016B"]
[Site "Skype"]
[Date "????.??.??"]
[Round "2.4"]
[White "Gieschen, Mike"]
[Black "Talbot, Jacques"]
[Result "0-1"]
[WhiteElo "1338"]
[BlackElo "1444"]
[PlyCount "86"]

1. e4 e5 2. Nf3 d6 3. d4 exd4 4. Nxd4 Bd7 5. Bd3 Nf6 6. h3 Be7 7. Nc3 O-O 8.
O-O Nc6 9. Bg5 Nxd4 10. Bxf6 Bxf6 11. Re1 Nc6 12. Nd5 Re8 13. c3 Ne5 14. f4
Nxd3 15. Qxd3 a6 16. Nxf6+ Qxf6 17. f5 Bb5 18. Qd5 Bc6 19. Qd4 Qxd4+ 20. cxd4
Rxe4 21. Rxe4 Bxe4 22. g4 Re8 23. Rc1 c6 24. b4 d5 25. a4 Rc8 26. Rc5 b6 27.
Rc3 b5 28. axb5 axb5 29. Ra3 Kf8 30. Ra7 Ke8 31. Kf2 Rd8 32. Rc7 Rd6 33. Kg3 g6
34. fxg6 Bxg6 35. h4 h5 36. g5 Kd8 37. Ra7 Rd7 38. Rxd7+ Kxd7 39. Kf4 Ke6 40.
Ke3 Kf5 41. Kf3 Bh7 42. Kg3 Ke4 43. Kf2 Kxd4 0-1

[Event "Tournoi Skype 016B"]
[Site "Skype"]
[Date "????.??.??"]
[Round "2.5"]
[White "Porcabeuf, Jean-Marc"]
[Black "Karia, Kirti"]
[Result "1-0"]
[WhiteElo "1438"]
[BlackElo "1332"]
[PlyCount "69"]

1. d4 Nf6 2. c4 e5 3. dxe5 Ng4 4. Nf3 Bc5 5. e3 Nc6 6. Be2 Ncxe5 7. Nxe5 Nxe5
8. Nc3 O-O 9. O-O c6 10. Ne4 Bb6 11. c5 Bc7 12. b4 Re8 13. Bb2 Ng4 14. Bxg4
Rxe4 15. Qf3 Rxb4 16. Rab1 Rf4 17. exf4 d5 18. Bxc8 Rxc8 19. Qg4 g6 20. f5 b6
21. Rfe1 bxc5 22. Qh3 d4 23. Bc1 h5 24. fxg6 fxg6 25. Re4 c4 26. Bh6 d3 27. Rd1
Rb8 28. g4 c3 29. gxh5 c2 30. Rxd3 Rb1+ 31. Kg2 Qf6 32. Re6 Qb2 33. Rxg6+ Kh7
34. Qd7+ Kh8 35. Qe8+ 1-0

[Event "Tournoi Skype 016B"]
[Site "Skype"]
[Date "????.??.??"]
[Round "2.6"]
[White "Martin, Jean-Claude"]
[Black "Hague, Mark"]
[Result "1/2-1/2"]
[WhiteElo "1307"]
[BlackElo "1419"]
[PlyCount "59"]

1. d4 Nf6 2. c4 e5 3. d5 c6 4. Nc3 Bb4 5. Bd2 O-O 6. e4 Re8 7. Nf3 d6 8. Bd3
Bg4 9. a3 Bc5 10. O-O a6 11. h3 Bh5 12. g4 Bg6 13. Nh4 Rf8 14. Nxg6 fxg6 15.
Qe2 Nbd7 16. Be3 Qb6 17. b4 Bxe3 18. Qxe3 Qxe3 19. fxe3 h5 20. g5 Nh7 21. h4
Rxf1+ 22. Rxf1 Rf8 23. a4 c5 24. b5 a5 25. Rxf8+ Kxf8 26. Bf1 Kf7 27. Bh3 Nb6
28. Bf1 Nf8 29. Kf2 Nfd7 30. Ke1 1/2-1/2

[Event "Tournoi Skype 016B"]
[Site "Skype"]
[Date "????.??.??"]
[Round "2.7"]
[White "Bhandari, Dattatrey"]
[Black "Picard, Mario"]
[Result "0-1"]
[WhiteElo "1399"]
[BlackElo "1254"]
[PlyCount "48"]

1. e4 e5 2. Nf3 Nc6 3. Bc4 Bd6 4. d4 h6 5. dxe5 Nxe5 6. Nxe5 Bxe5 7. Qd5 Qf6 8.
Qxf7+ Qxf7 9. Bxf7+ Kxf7 10. O-O Nf6 11. Nd2 Re8 12. c3 d6 13. f4 Nxe4 14. Nxe4
Bd4+ 15. cxd4 Rxe4 16. Bd2 Rxd4 17. Bc3 Re4 18. Rae1 Bf5 19. Rf3 Rae8 20. Kf2
d5 21. Rfe3 c6 22. Kf3 g6 23. g4 Bxg4+ 24. Kxg4 Rxe3 0-1

[Event "Tournoi Skype 016B"]
[Site "Skype"]
[Date "????.??.??"]
[Round "2.8"]
[White "Sepulveda, Lyda Marcela"]
[Black "De Nobrega, George"]
[Result "1-0"]
[WhiteElo "1246"]
[BlackElo "1399"]
[PlyCount "59"]

1. e4 e5 2. Nf3 Nf6 3. Nc3 Bb4 4. Nxe5 Bxc3 5. dxc3 Nxe4 6. Qg4 g6 7. Qxe4 Qe7
8. Qe3 d6 9. Nf3 Qxe3+ 10. Bxe3 O-O 11. O-O-O Be6 12. Kb1 Nc6 13. Bh6 Rfe8 14.
Bd3 a5 15. h4 Bd5 16. Rh3 b5 17. h5 b4 18. c4 Be6 19. Rg3 d5 20. c5 Reb8 21.
hxg6 fxg6 22. Ng5 Bd7 23. f4 a4 24. f5 Bxf5 25. Bxf5 gxf5 26. Ne6+ Kf7 27. Nxc7
Ra5 28. Rxd5 Ra7 29. Rd7+ Kf6 30. Bg7# 1-0

[Event "Tournoi Skype 016B"]
[Site "Skype"]
[Date "????.??.??"]
[Round "2.10"]
[White "Amato, Ludovica"]
[Black "Sauvaget, Joel"]
[Result "0-1"]
[WhiteElo "1188"]
[BlackElo "1377"]
[PlyCount "70"]

1. e4 e5 2. Nf3 d6 3. d4 exd4 4. Nxd4 Nf6 5. Nc3 Be7 6. Bc4 O-O 7. O-O Nbd7 8.
Bf4 Nc5 9. Re1 Bg4 10. f3 Bh5 11. Nf5 Bg6 12. Nh4 Kh8 13. Nxg6+ fxg6 14. Bg3
Nh5 15. Bf2 Nd7 16. Qd3 Ne5 17. Qd4 Bf6 18. Qe3 Nxc4 19. Qd3 Ne5 20. Qb5 b6 21.
Rad1 Be7 22. Bd4 Bf6 23. Nd5 c6 24. Qb3 cxd5 25. Qxd5 Nf4 26. Qb5 Qc7 27. c3 g5
28. g3 Nxf3+ 29. Kf1 Nxe1 30. Rxe1 Bxd4 31. cxd4 Nd3+ 32. Ke2 Nxe1 33. Kxe1
Rac8 34. Qxg5 Qc1+ 35. Qxc1 Rxc1+ 0-1